000 01569cam a22002294a 4500
005 20250605164239.0
008 250528s ||||||||||||||||||||||||d
035 _a21265
020 _a9780956069504
040 _aGR-AtMCL
_bgre
_dGR-AtMCL
_eAACR2
245 1 _aWriting Essays at University / A Guide for Students by Students
260 _bWrite Now Centre For Excellence In Teaching & Lear,
_c2009
300 _a130
505 0 _aWriting Essays and Other Assignments at University: What You Need to Know, How Assessment Aware Are You?, The Assessment System: How It Works and How You Can Make It Work For You, Assessment Criteria and the Marking Process, Addressing (Answering) the Question, Structuring the Answer, Demonstrating Understanding, Developing Argument, Use of Evidence, Evaluation, Writing Exam Essays, Students With Special Needs, Quiz Answers, References, Further Resources, Acknowledgements.
520 _aWriting Essays and Other Assignments at University: What You Need to Know, How Assessment Aware Are You?, The Assessment System: How It Works and How You Can Make It Work For You, Assessment Criteria and the Marking Process, Addressing (Answering) the Question, Structuring the Answer, Demonstrating Understanding, Developing Argument, Use of Evidence, Evaluation, Writing Exam Essays, Students With Special Needs, Quiz Answers, References, Further Resources, Acknowledgements.
700 1 _aHarrington Kathy
_97301
700 1 _aNorton Lin
_97302
700 1 _aPitt Ed
_97303
942 _cBK
999 _c6331
_d6331